Principle of environment science: (Record no. 13778)

000 -LEADER
fixed length control field 00657nam a22001937a 4500
008 - FIXED-LENGTH DATA ELEMENTS--GENERAL INFORMATION
fixed length control field 160917b xxu||||| |||| 00| 0 eng d
020 ## - INTERNATIONAL STANDARD BOOK NUMBER
International Standard Book Number 9780073383248
020 ## - INTERNATIONAL STANDARD BOOK NUMBER
International Standard Book Number 0073383244
050 ## - LIBRARY OF CONGRESS CALL NUMBER
Classification number GE 105
Item number .C865 2011
100 ## - MAIN ENTRY--PERSONAL NAME
Personal name Cunningham,William P.
245 ## - TITLE STATEMENT
Title Principle of environment science:
Remainder of title Inquiry and applications/
Statement of responsibility, etc. William P. Cunningham, Mary Ann Cunningham
250 ## - EDITION STATEMENT
Edition statement 6th ed
260 ## - PUBLICATION, DISTRIBUTION, ETC. (IMPRINT)
Place of publication, distribution, etc. New York:
Name of publisher, distributor, etc. McGraw Hill,
Date of publication, distribution, etc. 2011
300 ## - PHYSICAL DESCRIPTION
Extent xxiii,389p. :
Other physical details ill. ;
Dimensions 23cm
504 ## - BIBLIOGRAPHY, ETC. NOTE
Bibliography, etc Includes index.
650 ## - SUBJECT ADDED ENTRY--TOPICAL TERM
Topical term or geographic name as entry element Environmental science
General subdivision Textbooks
700 ## - ADDED ENTRY--PERSONAL NAME
Personal name Cunningham, Mary Ann
942 ## - ADDED ENTRY ELEMENTS (KOHA)
Source of classification or shelving scheme
Koha item type Hard Covered Materials
Classification part GE 105 .C865 2011
Holdings
Withdrawn status Lost status Source of classification or shelving scheme Damaged status Not for loan Home library Current library Shelving location Date acquired Source of acquisition Total Checkouts Full call number Barcode Date last seen Price effective from Koha item type
          MACHAKOS UNIVERSITY LIBRARY MACHAKOS UNIVERSITY LIBRARY Open shelf 17/09/2016 Donation (BFA)   GE 105 .C865 2011 21988 07/06/2019 17/09/2016 Hard Covered Materials
© Machakos University Library, Along The Highway, Machakos Wote Rd, Machakos, Kenya P.O. Box 136 - 90100 Machakos - Kenya

Tel: ( +254 ) 723 805829 OR Fax : 044-20353 OR Email: library@mksu.ac.ke